000 00299nam a2200121Ia 4500
008 190216s9999||||xx |||||||||||||| ||und||
100 _aAttoor Krishan Pisharody
245 0 _aKerala Sakunthalam
260 _bAttoor Publications
_c1979
300 _a231
650 _aMalayalam Nadakam
942 _cBK
999 _c27070
_d27070